ბათუმის შოთა რუსთაველის სახელმწიფო უნივერსიტეტის ბიბლიოთეკა

აუდიტი. აღრიცხვა. ფინანსები :№10(202).2016. (ბიბ.ჩანაწერი № 51705)

000 -LEADER
fixed length control field 01128nam a2200241Ia 4500
001 - CONTROL NUMBER
control field 18696
003 - CONTROL NUMBER IDENTIFIER
control field GE_BSU
008 - FIXED-LENGTH DATA ELEMENTS--GENERAL INFORMATION
fixed length control field 181216s||||||||xx |||||||||||||| ||und||
040 ## - CATALOGING SOURCE
Transcribing agency GE_BSU
245 ## - TITLE STATEMENT
Title აუდიტი. აღრიცხვა. ფინანსები :№10(202).2016.
245 ## - TITLE STATEMENT
Remainder of title ინფო კონსულტანტი
245 ## - TITLE STATEMENT
Statement of responsibility, etc. გენ.დირ.ფრიდონ ალშიბაია,მთავარი რედაქტორი: გიორგი ცერცვაძე.
250 ## - EDITION STATEMENT
Edition statement ყოველთვიური ჟურნალი მეწარმეებისა და ფინანსისტებისათვის.
260 ## - PUBLICATION, DISTRIBUTION, ETC.
Place of publication, distribution, etc. თბილისი
260 ## - PUBLICATION, DISTRIBUTION, ETC.
Name of publisher, distributor, etc. შპს "ააფ-მენეჯმენტი
260 ## - PUBLICATION, DISTRIBUTION, ETC.
Date of publication, distribution, etc. 2016
300 ## - PHYSICAL DESCRIPTION
Extent 52გვ;30სმ.
520 ## - SUMMARY, ETC.
Summary, etc. დამოუკიდებელი გამოცემა.
653 ## - INDEX TERM--UNCONTROLLED
Uncontrolled term აუდიტი. აღრიცხვა. ფინანსები
653 ## - INDEX TERM--UNCONTROLLED
Uncontrolled term ეკონომიკა
653 ## - INDEX TERM--UNCONTROLLED
Uncontrolled term პერიოდიკა
942 ## - ADDED ENTRY ELEMENTS (KOHA)
Koha item type პერიოდიკა
ეგზემპლარები
Withdrawn status Lost status Damaged status Not for loan Date acquired Barcode Date last seen Price effective from Koha item type
        2018-12-17 P78082 2018-12-17 2018-12-17 პერიოდიკა
        2018-12-17 P78081 2018-12-17 2018-12-17 პერიოდიკა